000 nam a22 a 4500
999 _c1525
_d1525
005 20170509165026.0
008 170509b xxu||||| |||| 00| 0 eng d
020 _a0231054653
_cc £7.65
020 _a0231054645 (cased)
_c£21.00
040 _aAKMAL
082 _a306.85 YOR
090 _a306.85
_bYOR
100 _aYorburg, Betty.
_93048
245 _aFamilies and societies
_bsurvival or extinction? /
_cBetty Yorburg.
250 _aRev. ed.
260 _aNew York
_aGuildford
_bColumbia University Press.
_c1983.
300 _axii,256p.
_c24cm
500 _aPrevious ed.: published as The changing family. 1973.
500 _aIncludes index.
599 _aDALAM PROSES
650 _aFamily
_zUnited States.
_93049
650 _a United States
_xSocial conditions
_y1960-.
_93050
700 _aYorburg, Betty.
_93048
852 _aBritish Library
_bHMNTS
942 _2ddc
_cBOOK